Normal view
MARC view
- Macaskill, Ann
Entry Personal Name
001 - CONTROL NUMBER
- control field: 846
003 - CONTROL NUMBER IDENTIFIER
- control field: CBULib
005 - DATE AND TIME OF LATEST TRANSACTION
- control field: 20231013105859.0
008 - FIXED-LENGTH DATA ELEMENTS
- fixed length control field: 231013|| aca||aabn | a|a d
040 ## - CATALOGING SOURCE
- Original cataloging agency: CBULib
100 ## - HEADING--PERSONAL NAME
- Personal name: Macaskill, Ann